000 00787nam0a22002411 4500
001 rc\670502
005 20260405083605.0
035 _a(NLR Aleph) 005909109
090 _a6357768
_c6357768
100 _a20031121d1986 |||y0rusy50 ca
101 0 _arus
102 _aRU
105 _aa |||||||||
200 1 _aНа корабле зимы
_eСтихи
_fОлеся Николаева
_g[Худож. Е. Аникст]
210 _aМ.
_cСов. писатель
_d1986
215 _a140, [1] с.
_cил.
_d17
700 1 _8rus
_7ca
_aНиколаева
_bО. А.
_cписатель
_f1955-
_gОлеся Александровна
_3RU\NLR\AUTH\7730001
_913028
801 0 _aRU
_bNLR
_gpsbo
801 1 _aRU
_bELAR
_2rusmarc
852 _aNLR
_j87-2/396
942 _cBOOK
980 _aNB